=LDR 00000nam 2200000 4500 =001 INLIS000000000014437 =005 20221128092446 =035 ##$$a 0010-061300000014437 =008 221128###########################0###### =041 ##$$a Ind =082 ##$$a 031 =090 ##$$a 031, Oxf / X =245 ##$$a Oxford ensikolopedi pelajar jilid 10 : $b Indeks =260 ##$$a 2004 :$b Jakarta =300 ##$$a 88 hlm, Il, 30 cm =650 #4$$a Ensikolopedi =850 ##$$a NBPNMAT =990 ##$$a 30500766